Cartoon Animal - Statistics

General Stats
  • This quiz has been taken 16 times
  • The average score is 5 of 13
Answer Stats
Hint Answer % Correct
Bunny Bugs
81%
Duck Donald
75%
Mouse Mickey
75%
Woodpecker Woody
63%
Platypus Perry
50%
Cat Garfield
44%
Sheep Shaun
38%
Bear Winnie the Pooh
31%
Dog Scooby-Doo
25%
Wolf Big Bad Wolf
13%
Crocodile Tick Tock
6%
Fox Swiper
0%
Alligator Wally
0%
No matching quizzes found
Score Distribution
Percent of People with Each Score
Percentile by Number Answered
Your Score History
You have not taken this quiz